00342pab a2200121 454500008004000000100002000040245008200060260000900142300001300151650001900164650001800183773001900201180718b2014 xxu||||| |||| 00| 0 eng d aMurphy, Mary P. aForty years of the EU influencing social policy in Ireland: A glass half full c2014 ap.69-86. aEuropean Union aSocial policy aAdministration